五十音順で最初と最後の駅(都道府県別) - Statistics

General Stats
  • This quiz has been taken 221 times
  • The average score is 11 of 92
Answer Stats
Answer % Correct
相生
74%
相生
74%
61%
58%
青森
52%
和田
51%
相川
48%
愛野
37%
相原
34%
相老
31%
赤坂
29%
和田山
27%
愛甲石田
25%
割出
25%
和邇
23%
和気
23%
21%
愛山
20%
早稲田
20%
和知
17%
姶良
16%
輪西
14%
和田町
13%
相生山
12%
合川
11%
和田浦
11%
鷲津
11%
和多田
10%
赤塚
9%
相賀
9%
あおば通
8%
会津荒海
8%
渡瀬
8%
朝来
8%
青谷
8%
和田浜
8%
秋鹿町
8%
安芸阿賀
8%
青堀
7%
青郷
7%
若林
7%
阿川
7%
6%
粟生津
6%
和深
6%
和食
6%
青井岳
6%
青笹
5%
和渕
5%
若宮
5%
吾野
5%
鷲塚針原
5%
渡辺橋
5%
あかおか
5%
渡辺通
5%
礼拝
4%
相ノ木
4%
穴水
4%
竜王
4%
青沼
4%
飛鳥
4%
楽々園
4%
渡川
4%
鮎喰
4%
愛大医学部南口
4%
赤瀬
4%
和賀仙人
3%
赤倉温泉
3%
相月
3%
安栖里
3%
掖上
3%
足立
3%
朝地
3%
蓬田
2%
龍ケ崎市
2%
若栗
2%
夜間瀬
2%
六軒
2%
六軒
2%
吉成
2%
六万寺
2%
有田
2%
霊丘公園体育館
2%
暘谷
2%
梨郷
1%
龍王峡
1%
朝日大塚
1%
遙堪
1%
綾川
1%
吉野生
1%
榎原
1%
竜ケ水
1%
No matching quizzes found
Score Distribution
Percent of People with Each Score
Percentile by Number Answered
Your Score History
You have not taken this quiz